[Event "World Youth U-16 Olympiad 2018"]
[Site "Konya"]
[Date "2018.11.30"]
[Round "6"]
[White "Kayan, Yasar Efe"]
[Black "Li, William"]
[Result "0-1"]
[WhiteElo "1515"]
[BlackElo "2077"]
[Annotator "NA RC"]
[PlyCount "100"]
[EventDate "2018.11.25"]
[EventType "team-tourn"]
[EventCountry "TUR"]
[SourceTitle "playchess.com"]
[Source "ChessBase"]
[SourceQuality "1"]
[WhiteTeam "Turkey"]
[BlackTeam "Canada"]
[WhiteTeamCountry "TUR"]
[BlackTeamCountry "CAN"]

1. e4 c5 2. Nc3 a6 3. g3 b5 4. Bg2 Bb7 5. a3 e6 6. d3 Nf6 7. f4 Be7 8. Nf3 d5 9. e5 Nfd7 10. d4 Nc6 11. Ne2 cxd4 12. Nexd4 O-O 13. O-O Bc5 14. c3 a5 15. Kh1 b4 16. Qc2 h6 17. g4 Qb6 18. Be3 Rac8 19. Qf2 f6 20. exf6 Nxf6 21. g5 Ng4 22. Qe1 Rce8 23. gxh6 Nxh6 24. Ne5 Nxd4 25. cxd4 Bxd4 26. Nd7 Qc6 27. Nxf8 Bxe3 28. Qxe3 d4 29. Bxc6 Bxc6+ 30. Qf3 Bxf3+ 31. Rxf3 Rxf8 32. axb4 axb4 33. Ra4 e5 34. Rxb4 e4 35. Rf1 Nf5 36. Re1 e3 37. Rxd4 Nxd4 38. Rxe3 Rxf4 39. Re8+ Kf7 40. Rb8 Rf2 41. Kg1 Rc2 42. Rb7+ Kf6 43. h3 g6 44. b4 Rb2 45. h4 Nf3+ 46. Kf1 Nxh4 47. b5 Nf3 48. Rb8 Kf5 49. Ra8 Kg4 50. Ra6 g5 0-1

[Event "World Youth U-16 Olympiad 2018"]
[Site "Konya"]
[Date "2018.11.30"]
[Round "6"]
[White "Chicarosie, Ioana-Bianca"]
[Black "Chabane, Lina"]
[Result "1-0"]
[WhiteElo "1508"]
[BlackElo "1326"]
[Annotator "NA RC"]
[PlyCount "44"]
[EventDate "2018.11.25"]
[EventType "team-tourn"]
[EventCountry "TUR"]
[SourceTitle "playchess.com"]
[Source "ChessBase"]
[SourceQuality "1"]
[WhiteTeam "Romania"]
[BlackTeam "Algeria"]
[WhiteTeamCountry "ROU"]
[BlackTeamCountry "ALG"]

1. Nf3 c5 2. e3 d5 3. d4 c4 4. c3 Nf6 5. Nbd2 Bf5 6. Be2 Nc6 7. Ne5 Nxe5 8. dxe5 Nd7 9. f4 Nc5 10. O-O e6 11. g4 Bg6 12. Kh1 h6 13. Qe1 Be7 14. Qg3 Ne4 15. Nxe4 Bxe4+ 16. Bf3 Bd3 17. Rd1 Bh4 18. Qg2 f6 19. exf6 Qxf6 20. e4 dxe4 21. Bxe4 Rd8 22. Be3 O-O 1-0

[Event "World Youth U-16 Olympiad 2018"]
[Site "Konya"]
[Date "2018.11.30"]
[Round "6"]
[White "Moran, Hugh"]
[Black "Amon, Nejc"]
[Result "0-1"]
[WhiteElo "1498"]
[BlackElo "2257"]
[Annotator "ChessBase"]
[PlyCount "47"]
[EventDate "2018.11.25"]
[EventType "team-tourn"]
[EventCountry "TUR"]
[SourceTitle "playchess.com"]
[Source "ChessBase"]
[SourceQuality "1"]
[WhiteTeam "Ireland"]
[BlackTeam "Slovenia"]
[WhiteTeamCountry "IRL"]
[BlackTeamCountry "SLO"]

1. e4 c5 2. Nf3 d6 3. d4 Nf6 4. Nc3 cxd4 5. Nxd4 g6 6. Be3 Bg7 7. f3 Nc6 8. Qd2 O-O 9. Bc4 Bd7 10. O-O-O Rb8 11. Kb1 Na5 12. Be2 b5 13. h4 Nc4 14. Bxc4 bxc4 15. g4 Qb6 16. Qc1 Qa5 17. h5 Qxc3 18. hxg6 fxg6 19. Bh6 Bxh6 20. Rxh6 Rf7 21. g5 Nh5 22. e5 dxe5 23. Ne2 Qxf3 24. Nc3 0-1

[Event "World Youth U-16 Olympiad 2018"]
[Site "Konya"]
[Date "2018.11.30"]
[Round "6"]
[White "Igisinova, Liya"]
[Black "Benrekia, Yacine"]
[Result "1-0"]
[WhiteElo "1482"]
[BlackElo "1689"]
[Annotator "NA RC"]
[PlyCount "169"]
[EventDate "2018.11.25"]
[EventType "team-tourn"]
[EventCountry "TUR"]
[SourceTitle "playchess.com"]
[Source "ChessBase"]
[SourceQuality "1"]
[WhiteTeam "Kazakhstan"]
[BlackTeam "Algeria"]
[WhiteTeamCountry "KAZ"]
[BlackTeamCountry "ALG"]

1. d4 Nf6 2. Nf3 e6 3. g3 d5 4. Bg2 Be7 5. O-O O-O 6. c4 dxc4 7. Qa4 a6 8. Qxc4 b5 9. Qc2 Bb7 10. Bf4 Nd5 11. Bd2 Nd7 12. Ba5 Qb8 13. e4 N5b6 14. Nbd2 Rc8 15. b4 Qa7 16. Rfd1 Rab8 17. Qb3 Qa8 18. Ne1 Nf6 19. f3 Ne8 20. Bh3 Nd6 21. Bxb6 cxb6 22. Rac1 Rxc1 23. Rxc1 Rc8 24. Rc2 Qb8 25. Nd3 Rxc2 26. Qxc2 Qd8 27. Qc3 h5 28. Ne5 Bf6 29. Nb3 Bxe5 30. dxe5 Nc4 31. Qd4 Qxd4+ 32. Nxd4 Nxe5 33. Bf1 Kf8 34. Kf2 Ke7 35. Ke3 Kd6 36. Kd2 Nc4+ 37. Kc3 Ne5 38. Be2 g5 39. a3 Ng6 40. Bd3 Ke5 41. Ne2 f5 42. exf5 exf5 43. Nd4 Ne7 44. Be2 Bd5 45. Nc2 f4 46. Ne1 Nf5 47. Nd3+ Kf6 48. gxf4 gxf4 49. Nxf4 Bf7 50. Bd3 Ke5 51. Ne2 Nd6 52. f4+ Kd5 53. Ng3 h4 54. Nf5 Nxf5 55. Bxf5 Be8 56. Bc8 a5 57. Bb7+ Ke6 58. Kd4 Kf5 59. Ke3 Bd7 60. Be4+ Ke6 61. Kd4 Kd6 62. Bg6 Be6 63. f5 Bc4 64. Ke4 axb4 65. axb4 Bf1 66. Bh5 Bg2+ 67. Bf3 Bf1 68. Kf4 Ke7 69. Ke5 h3 70. f6+ Kd7 71. Bg4+ Ke8 72. Be6 Bg2 73. Kf5 Bf1 74. Kg6 Kf8 75. Kg5 Ke8 76. Kh4 Bc4 77. Bxh3 Kf7 78. Kg5 Be2 79. Bg4 Bxg4 80. Kxg4 Kxf6 81. Kf4 Ke6 82. Ke4 Kd6 83. h4 Ke6 84. h5 Kf6 85. Kd5 1-0

[Event "World Youth U-16 Olympiad 2018"]
[Site "Konya"]
[Date "2018.11.30"]
[Round "6"]
[White "Mairambekova, Aiperi"]
[Black "Dhevcharran, Kahill"]
[Result "1-0"]
[WhiteElo "1398"]
[BlackElo "1561"]
[Annotator "NA"]
[PlyCount "115"]
[EventDate "2018.11.25"]
[EventType "team-tourn"]
[EventCountry "TUR"]
[SourceTitle "playchess.com"]
[Source "ChessBase"]
[SourceQuality "1"]
[WhiteTeam "Kyrgyzstan"]
[BlackTeam "South Africa"]
[WhiteTeamCountry "KGZ"]
[BlackTeamCountry "RSA"]

1. e4 c5 2. Nf3 Nc6 3. Bb5 g6 4. Bxc6 dxc6 5. d3 Bg7 6. Nc3 Nh6 7. h3 f6 8. Be3 b6 9. Qd2 Nf7 10. g4 e5 11. O-O-O Be6 12. Nh2 g5 13. f3 Qe7 14. Nf1 h5 15. Ng3 h4 16. Nf5 Bxf5 17. exf5 O-O 18. Ne4 Rfd8 19. Qf2 Nd6 20. Rd2 c4 21. Nxd6 c3 22. bxc3 Qxd6 23. Kb2 Bf8 24. Kc1 Qa3+ 25. Kd1 Qxc3 26. Ke2 Rd5 27. Kf1 Rad8 28. Kg2 Bc5 29. Rhd1 Bxe3 30. Qxe3 c5 31. Qe4 Rd4 32. Qc6 R4d6 33. Qa4 a5 34. Qb3+ Qxb3 35. axb3 Kf7 36. Kf2 Rd4 37. c3 R4d5 38. Ke3 R8d6 39. Ra1 Ke7 40. Ra4 Kd7 41. d4 Kc6 42. dxe5 Rxd2 43. exd6 Rxd6 44. Re4 b5 45. f4 Kd7 46. fxg5 fxg5 47. Re5 c4 48. bxc4 bxc4 49. Rxa5 Rd3+ 50. Ke4 Rxc3 51. f6 Rxh3 52. Rxg5 c3 53. Rc5 Rg3 54. Kf4 Ke8 55. g5 Kf7 56. Rc7+ Kf8 57. Kf5 Rd3 58. Rc8+ 1-0

[Event "World Youth U-16 Olympiad 2018"]
[Site "Konya"]
[Date "2018.11.30"]
[Round "6"]
[White "Djerroud, Chahrazed"]
[Black "Coicev, Matei-Andrei"]
[Result "0-1"]
[WhiteElo "1389"]
[BlackElo "1489"]
[Annotator "NA"]
[PlyCount "94"]
[EventDate "2018.11.25"]
[EventType "team-tourn"]
[EventCountry "TUR"]
[SourceTitle "playchess.com"]
[Source "ChessBase"]
[SourceQuality "1"]
[WhiteTeam "Algeria"]
[BlackTeam "Romania"]
[WhiteTeamCountry "ALG"]
[BlackTeamCountry "ROU"]

1. e4 c5 2. Nf3 g6 3. d4 cxd4 4. Nxd4 Bg7 5. Bc4 Nc6 6. Be3 Nf6 7. Nc3 O-O 8. O-O Nxe4 9. Nxe4 d5 10. Nxc6 bxc6 11. Bd4 dxc4 12. Bxg7 Qxd1 13. Rfxd1 Kxg7 14. Rd4 Be6 15. Nd2 Rad8 16. Nf3 Rxd4 17. Nxd4 Bd5 18. Re1 Kf6 19. Re3 Rb8 20. b3 a5 21. h3 cxb3 22. cxb3 Rb4 23. Nc2 Re4 24. Rc3 a4 25. f3 Rf4 26. Kf2 axb3 27. axb3 Ke5 28. g3 Rf6 29. f4+ Kd6 30. Ne3 h5 31. Nxd5 Kxd5 32. Re3 Re6 33. Rxe6 Kxe6 34. Ke3 Kd5 35. Kd3 f6 36. Ke3 c5 37. g4 hxg4 38. hxg4 e5 39. g5 exf4+ 40. Kxf4 f5 41. Ke3 c4 42. bxc4+ Kxc4 43. Kf3 Kd3 44. Kf4 Kd4 45. Kf3 Ke5 46. Ke3 f4+ 47. Kf3 Kf5 0-1

[Event "World Youth U-16 Olympiad 2018"]
[Site "Konya"]
[Date "2018.11.30"]
[Round "6"]
[White "Maameri, Insaf"]
[Black "Karibaev, Dimash"]
[Result "0-1"]
[WhiteElo "1366"]
[BlackElo "1460"]
[Annotator "NA"]
[PlyCount "105"]
[EventDate "2018.11.25"]
[EventType "team-tourn"]
[EventCountry "TUR"]
[SourceTitle "playchess.com"]
[Source "ChessBase"]
[SourceQuality "1"]
[WhiteTeam "Algeria"]
[BlackTeam "Kazakhstan"]
[WhiteTeamCountry "ALG"]
[BlackTeamCountry "KAZ"]

1. e4 e6 2. d4 d5 3. exd5 exd5 4. Bd3 Bd6 5. Nf3 Bg4 6. O-O Nc6 7. c3 Nge7 8. h3 Bh5 9. Nbd2 Qd7 10. Re1 O-O-O 11. a4 g5 12. Qc2 Bf4 13. b4 Bg6 14. b5 Na5 15. Ba3 Bxd3 16. Qxd3 Ng6 17. Bb4 Bxd2 18. Nxd2 Nf4 19. Qg3 Nc4 20. Nxc4 dxc4 21. Re7 Qxe7 22. Bxe7 Ne2+ 23. Kh2 Nxg3 24. Bxd8 Ne4 25. f3 Nxc3 26. Bxg5 Nd5 27. Re1 Rg8 28. Bh4 Nf4 29. Bg3 Nh5 30. Bh4 c3 31. g3 Ng7 32. d5 Nf5 33. Rc1 Nxh4 34. gxh4 Rd8 35. Rxc3 Rxd5 36. Rc4 Kd7 37. Kg3 c5 38. bxc6+ bxc6 39. Kf4 Kd6 40. Ke3 Re5+ 41. Kd3 c5 42. Re4 f5 43. Rxe5 Kxe5 44. a5 Kf4 45. Kc4 Kxf3 46. Kxc5 Ke4 47. a6 f4 48. Kc6 f3 49. Kb7 f2 50. Kxa7 f1=Q 51. Kb7 Qb5+ 52. Ka7 Kd5 53. h5 0-1

[Event "World Youth U-16 Olympiad 2018"]
[Site "Konya"]
[Date "2018.11.30"]
[Round "6"]
[White "Gedik, Kerem Bilge"]
[Black "Botez, Andrea"]
[Result "0-1"]
[WhiteElo "1211"]
[BlackElo "1647"]
[Annotator "NA RC"]
[PlyCount "54"]
[EventDate "2018.11.25"]
[EventType "team-tourn"]
[EventCountry "TUR"]
[SourceTitle "playchess.com"]
[Source "ChessBase"]
[SourceQuality "1"]
[WhiteTeam "Turkey"]
[BlackTeam "Canada"]
[WhiteTeamCountry "TUR"]
[BlackTeamCountry "CAN"]

1. d4 Nf6 2. c4 g6 3. g3 Bg7 4. Bg2 O-O 5. Nc3 d6 6. e4 e5 7. Nge2 Nc6 8. d5 Nd4 9. O-O c5 10. Nxd4 cxd4 11. Ne2 Qc7 12. Qd3 Nd7 13. Bd2 Nc5 14. Qa3 f5 15. f3 fxe4 16. fxe4 Bg4 17. Nc1 Rxf1+ 18. Kxf1 Rf8+ 19. Kg1 Qf7 20. Nd3 Be2 21. Nxc5 dxc5 22. Be1 Bf1 23. g4 Bxg2 24. Kxg2 Qf1+ 25. Kg3 d3 26. Qxd3 Qxd3+ 27. Kg2 Qf3+ 0-1

[Event "World Youth U-16 Olympiad 2018"]
[Site "Konya"]
[Date "2018.11.30"]
[Round "7"]
[White "Firouzja, Alireza"]
[Black "Brodsky, David"]
[Result "1-0"]
[WhiteElo "2607"]
[BlackElo "2415"]
[Annotator "TA"]
[PlyCount "45"]
[EventDate "2018.11.25"]
[EventType "team-tourn"]
[EventCountry "TUR"]
[SourceTitle "playchess.com"]
[Source "ChessBase"]
[SourceQuality "1"]
[WhiteTeam "Iran"]
[BlackTeam "United States"]
[WhiteTeamCountry "IRI"]
[BlackTeamCountry "USA"]

1. e4 e5 2. Nf3 Nc6 3. Bb5 a6 4. Ba4 Nf6 5. O-O Nxe4 6. d4 b5 7. Bb3 d5 8. dxe5 Be6 9. c3 Bc5 10. Qd3 Ne7 11. Nd4 Bb6 12. Bc2 Ng6 13. Qe2 O-O 14. f3 Nc5 15. f4 Bd7 16. f5 Ne7 17. Bg5 Qe8 18. f6 Ng6 19. fxg7 Kxg7 20. Bf6+ Kg8 21. Qh5 Ne6 22. Qh6 Bc8 23. Rf3 1-0

[Event "World Youth U-16 Olympiad 2018"]
[Site "Konya"]
[Date "2018.11.30"]
[Round "7"]
[White "Yakubboev, Nodirbek"]
[Black "Baidetskyi, Valentin"]
[Result "1-0"]
[WhiteElo "2549"]
[BlackElo "2398"]
[Annotator "TA"]
[PlyCount "61"]
[EventDate "2018.11.25"]
[EventType "team-tourn"]
[EventCountry "TUR"]
[SourceTitle "playchess.com"]
[Source "ChessBase"]
[SourceQuality "1"]
[WhiteTeam "Uzbekistan"]
[BlackTeam "Ukraine"]
[WhiteTeamCountry "UZB"]
[BlackTeamCountry "UKR"]

1. d4 Nf6 2. c4 c5 3. d5 e5 4. Nc3 d6 5. e4 g6 6. Be2 Bg7 7. Bg5 h6 8. Be3 h5 9. h3 Na6 10. Nf3 Bd7 11. O-O Nc7 12. a3 Qc8 13. Ng5 O-O 14. f4 b6 15. Qe1 exf4 16. Bxf4 Nfe8 17. Nf3 b5 18. e5 bxc4 19. Bxc4 Rb8 20. b3 Nb5 21. Ra2 Nxc3 22. Qxc3 Rb6 23. Raf2 dxe5 24. Bxe5 f6 25. d6+ Be6 26. Qd3 fxe5 27. Ng5 Rxf2 28. Rxf2 Bxc4 29. Qxg6 Nf6 30. Rxf6 Bd3 31. Qxd3 1-0

[Event "World Youth U-16 Olympiad 2018"]
[Site "Konya"]
[Date "2018.11.30"]
[Round "7"]
[White "Matviishen, Viktor"]
[Black "Abdusattorov, Nodirbek"]
[Result "0-1"]
[WhiteElo "2476"]
[BlackElo "2560"]
[Annotator "TA"]
[PlyCount "106"]
[EventDate "2018.11.25"]
[EventType "team-tourn"]
[EventCountry "TUR"]
[SourceTitle "playchess.com"]
[Source "ChessBase"]
[SourceQuality "1"]
[WhiteTeam "Ukraine"]
[BlackTeam "Uzbekistan"]
[WhiteTeamCountry "UKR"]
[BlackTeamCountry "UZB"]

1. d4 Nf6 2. c4 e6 3. g3 c5 4. d5 exd5 5. cxd5 d6 6. Nc3 g6 7. Bg2 Bg7 8. Nf3 O-O 9. O-O Re8 10. Bf4 Ne4 11. Nxe4 Rxe4 12. Nd2 Rxf4 13. gxf4 Bxb2 14. Rb1 Bg7 15. Nc4 b6 16. Qa4 Ba6 17. Rfc1 Bxc4 18. Rxc4 a6 19. Re4 Nd7 20. Qc6 Rc8 21. Qb7 c4 22. Qxa6 Nc5 23. Qxc4 Nxe4 24. Qxe4 Qc7 25. e3 Bf6 26. Bf1 Qc2 27. Qxc2 Rxc2 28. Re1 Rxa2 29. Re2 Ra5 30. e4 Bd4 31. Kg2 Kf8 32. Rd2 Bc5 33. Rb2 Ra4 34. Kf3 Ke7 35. Bb5 Ra3+ 36. Kg2 Kf6 37. Be8 Ra7 38. Re2 Ke7 39. Bc6 Ra5 40. Rb2 h6 41. Kg3 Ra3+ 42. f3 Ra1 43. Re2 Rb1 44. e5 b5 45. e6 b4 46. f5 Rg1+ 47. Kf4 g5+ 48. Ke4 Rd1 49. Ra2 Rd4+ 50. Ke3 Rxd5+ 51. Ke2 Re5+ 52. Kd3 fxe6 53. fxe6 Re3+ 0-1

[Event "World Youth U-16 Olympiad 2018"]
[Site "Konya"]
[Date "2018.11.30"]
[Round "7"]
[White "Iniyan, P."]
[Black "Tsoi, Dmitry"]
[Result "1-0"]
[WhiteElo "2468"]
[BlackElo "2429"]
[Annotator "TA"]
[PlyCount "167"]
[EventDate "2018.11.25"]
[EventType "team-tourn"]
[EventCountry "TUR"]
[SourceTitle "playchess.com"]
[Source "ChessBase"]
[SourceQuality "1"]
[BlackTeam "Russia"]
[BlackTeamCountry "RUS"]

1. d4 f5 2. Nf3 Nf6 3. g3 e6 4. Bg2 d5 5. c4 c6 6. O-O Bd6 7. b3 Qe7 8. Nbd2 O-O 9. Ne5 Nbd7 10. Ndf3 Ne4 11. Bb2 a5 12. Qc2 a4 13. Nxd7 Bxd7 14. c5 Bc7 15. bxa4 Ra7 16. Rfb1 Rfa8 17. Bc1 Bc8 18. Rb4 Ba5 19. Rb3 Bc7 20. Ra3 Ra5 21. Bb2 e5 22. e3 exd4 23. exd4 Qf6 24. Re1 Be6 25. Re2 Bf7 26. Rb3 R8a7 27. Rb4 Qd8 28. Nh4 g6 29. Re3 Qa8 30. Ra3 Bd8 31. f3 Ng5 32. f4 Ne4 33. Nf3 Bf6 34. Bf1 Be6 35. Bd3 Qf8 36. Kg2 Qg7 37. Bc1 Ra8 38. Qb1 Bc8 39. Bc2 R5a7 40. Be3 Bd8 41. Qf1 Be6 42. Rb1 Ba5 43. Bf2 Qc7 44. Be1 Bc8 45. Bxa5 Rxa5 46. Qe1 Qe7 47. Re3 Qg7 48. Ne5 R5a7 49. Qe2 Ra5 50. Bb3 Kf8 51. Rf1 Ke8 52. g4 fxg4 53. Nc4 Bf5 54. Nxa5 Rxa5 55. Qd1 Kd8 56. Qe1 Ra8 57. Qb4 Kc8 58. Bc2 Qc7 59. Rb3 h5 60. Ra3 Ra5 61. Rb1 Ra7 62. Qb6 Qxb6 63. Rxb6 Ra5 64. Bxe4 Bxe4+ 65. Kg3 Bc2 66. Rb2 Be4 67. Kh4 Kc7 68. Rab3 Ra7 69. a5 Bf5 70. a6 bxa6 71. Kg5 a5 72. a4 Kd7 73. Rb8 Ke7 74. Rh8 Ke6 75. Rbb8 Rc7 76. Rbf8 Re7 77. Rd8 Rd7 78. Rhe8+ Kf7 79. Rxd7+ Bxd7 80. Ra8 Bf5 81. Ra6 Ke7 82. Rxc6 Bd3 83. Rd6 Be4 84. Ra6 1-0

[Event "World Youth U-16 Olympiad 2018"]
[Site "Konya"]
[Date "2018.11.30"]
[Round "7"]
[White "Iniyan, P."]
[Black "Tsoi, Dmitry"]
[Result "*"]
[WhiteElo "2468"]
[BlackElo "2429"]
[Annotator "TA"]
[PlyCount "37"]
[EventDate "2018.11.25"]
[EventType "team-tourn"]
[EventCountry "TUR"]
[SourceTitle "playchess.com"]
[Source "ChessBase"]
[SourceQuality "1"]
[BlackTeam "Russia"]
[BlackTeamCountry "RUS"]

1. d4 f5 2. Nf3 Nf6 3. g3 e6 4. Bg2 d5 5. c4 c6 6. O-O Bd6 7. b3 Qe7 8. Nbd2 O-O 9. Ne5 Nbd7 10. Ndf3 Ne4 11. Bb2 a5 12. Qc2 a4 13. Nxd7 Bxd7 14. c5 Bc7 15. bxa4 Ra7 16. Rfb1 f4 17. Ne5 Bxe5 18. Bxe4 dxe4 19. dxe5 *

[Event "World Youth U-16 Olympiad 2018"]
[Site "Konya"]
[Date "2018.11.30"]
[Round "7"]
[White "Sargsyan, Shant"]
[Black "Schitco, Ivan"]
[Result "1-0"]
[WhiteElo "2463"]
[BlackElo "2376"]
[Annotator "TA"]
[PlyCount "117"]
[EventDate "2018.11.25"]
[EventType "team-tourn"]
[EventCountry "TUR"]
[SourceTitle "playchess.com"]
[Source "ChessBase"]
[SourceQuality "1"]
[WhiteTeam "Armenia"]
[BlackTeam "Moldova"]
[WhiteTeamCountry "ARM"]
[BlackTeamCountry "MDA"]

1. e4 c6 2. Nf3 d5 3. exd5 cxd5 4. Ne5 Nc6 5. d4 Nf6 6. Bb5 Bd7 7. Nxd7 Qxd7 8. c3 e6 9. O-O Bd6 10. Nd2 Qc7 11. Nf3 O-O 12. Re1 a6 13. Bd3 Bf4 14. a4 Rab8 15. Bxf4 Qxf4 16. g3 Qc7 17. Qe2 g6 18. h4 Kg7 19. Kg2 Rbe8 20. Qd2 Qb8 21. Re2 e5 22. dxe5 Nxe5 23. Nd4 Nxd3 24. Qxd3 Rxe2 25. Nxe2 Qe5 26. a5 Re8 27. Nf4 Rc8 28. Ra4 Rc4 29. Rxc4 dxc4 30. Qxc4 Qxa5 31. Nd3 Qd8 32. Nc5 Qc8 33. Qd4 Qc6+ 34. Kg1 a5 35. c4 Kg8 36. Nxb7 a4 37. Nd6 Nd7 38. Ne4 Kf8 39. Nc3 f6 40. Qa7 Ne5 41. Nd5 Nd7 42. Qe3 Qd6 43. Qa7 Qc6 44. Qe3 Qd6 45. f4 Kf7 46. Kg2 Nc5 47. Kf3 h5 48. Ke2 Qe6 49. Kd2 Qxe3+ 50. Kxe3 Ke6 51. Kd4 Nb3+ 52. Kc3 Nc5 53. Kb4 Ne4 54. Kxa4 Nxg3 55. b4 Ne4 56. b5 Kd6 57. Kb4 g5 58. Nxf6 Nxf6 59. fxg5 1-0

[Event "World Youth U-16 Olympiad 2018"]
[Site "Konya"]
[Date "2018.11.30"]
[Round "7"]
[White "Engel, Luis"]
[Black "Wijesinghe, N L C Dojitha"]
[Result "1-0"]
[WhiteElo "2459"]
[BlackElo "1688"]
[Annotator "TA"]
[PlyCount "51"]
[EventDate "2018.11.25"]
[EventType "team-tourn"]
[EventCountry "TUR"]
[SourceTitle "playchess.com"]
[Source "ChessBase"]
[SourceQuality "1"]
[WhiteTeam "Germany"]
[BlackTeam "Sri Lanka"]
[WhiteTeamCountry "GER"]
[BlackTeamCountry "SRI"]

1. e4 c5 2. Nf3 d6 3. d4 cxd4 4. Nxd4 Nf6 5. Nc3 g6 6. Be3 Bg7 7. f3 O-O 8. Qd2 Nc6 9. O-O-O d5 10. Qe1 e5 11. Nxc6 bxc6 12. exd5 cxd5 13. Bg5 Bb7 14. Bc4 d4 15. Qxe5 Ne4 16. Qxg7+ Kxg7 17. Bxd8 dxc3 18. Bh4 cxb2+ 19. Kxb2 Nc5 20. Rd6 f6 21. Re1 g5 22. Re7+ Kh8 23. Bxg5 fxg5 24. Rh6 Be4 25. fxe4 Rab8+ 26. Ka3 1-0

[Event "World Youth U-16 Olympiad 2018"]
[Site "Konya"]
[Date "2018.11.30"]
[Round "7"]
[White "Vokhidov, Shamsiddin"]
[Black "Shpanko, Nadiia"]
[Result "1-0"]
[WhiteElo "2456"]
[BlackElo "2262"]
[Annotator "TA"]
[PlyCount "69"]
[EventDate "2018.11.25"]
[EventType "team-tourn"]
[EventCountry "TUR"]
[SourceTitle "playchess.com"]
[Source "ChessBase"]
[SourceQuality "1"]
[WhiteTeam "Uzbekistan"]
[BlackTeam "Ukraine"]
[WhiteTeamCountry "UZB"]
[BlackTeamCountry "UKR"]

1. e4 c5 2. Nc3 d6 3. d4 cxd4 4. Qxd4 Nc6 5. Qd2 Nf6 6. b3 e6 7. Bb2 Be7 8. O-O-O O-O 9. f3 Qa5 10. Nh3 Rd8 11. Nf4 d5 12. exd5 Bb4 13. Nd3 Nxd5 14. Nxb4 Ndxb4 15. Qe1 Rxd1+ 16. Qxd1 Nxa2+ 17. Nxa2 Qxa2 18. Bb5 Qa5 19. Bxc6 bxc6 20. Qd6 Qg5+ 21. f4 Qd5 22. Qe7 Qd7 23. Qg5 f6 24. Bxf6 h6 25. Qg3 Qf7 26. Be5 a5 27. Rd1 Ba6 28. Rd6 Ra7 29. Rxc6 Be2 30. Qe3 Bh5 31. Qd3 Bg6 32. Rc8+ Kh7 33. Qd8 Be4 34. Qh8+ Kg6 35. Rg8 1-0

[Event "World Youth U-16 Olympiad 2018"]
[Site "Konya"]
[Date "2018.11.30"]
[Round "7"]
[White "Niemann, Hans"]
[Black "Pour Agha Bala, Amirreza"]
[Result "0-1"]
[WhiteElo "2439"]
[BlackElo "2319"]
[Annotator "TA"]
[PlyCount "128"]
[EventDate "2018.11.25"]
[EventType "team-tourn"]
[EventCountry "TUR"]
[SourceTitle "playchess.com"]
[Source "ChessBase"]
[SourceQuality "1"]
[WhiteTeam "United States"]
[BlackTeam "Iran"]
[WhiteTeamCountry "USA"]
[BlackTeamCountry "IRI"]

1. d4 Nf6 2. c4 g6 3. Nc3 Bg7 4. e4 d6 5. Be2 O-O 6. Nf3 e5 7. dxe5 dxe5 8. Qxd8 Rxd8 9. Bg5 c6 10. Nxe5 Re8 11. O-O-O Na6 12. f4 h6 13. Bh4 g5 14. Bg3 Nc5 15. Bf3 g4 16. b4 gxf3 17. bxc5 fxg2 18. Rhg1 Ng4 19. Rd3 Nxe5 20. fxe5 Be6 21. Rxg2 Bxc4 22. Rd7 b6 23. Bh4 Kf8 24. Bf6 Bxf6 25. exf6 Re6 26. Rd6 bxc5 27. Rxe6 Bxe6 28. Na4 Rb8 29. Rb2 Rb5 30. Nc3 Rb6 31. e5 Kg8 32. Ne4 Rb4 33. Rg2+ Kf8 34. Nd6 Bd5 35. Rg3 Rh4 36. h3 Rh5 37. Ra3 Rxe5 38. Rxa7 Kg8 39. a4 Re3 40. a5 Rxh3 41. a6 Ra3 42. Kb2 Ra2+ 43. Kb1 Ra4 44. Nb7 h5 45. Nxc5 Ra5 46. Rb7 Rxc5 47. a7 Ra5 48. Rb8+ Kh7 49. a8=Q Rxa8 50. Rxa8 Kg6 51. Rh8 Kg5 52. Kc1 h4 53. Kd2 Be6 54. Ke3 h3 55. Rg8+ Kxf6 56. Kf4 c5 57. Rg5 c4 58. Ra5 Ke7 59. Ke5 h2 60. Ra1 c3 61. Rh1 c2 62. Re1 f6+ 63. Kf4 c1=Q+ 64. Rxc1 Bd5 0-1

[Event "World Youth U-16 Olympiad 2018"]
[Site "Konya"]
[Date "2018.11.30"]
[Round "7"]
[White "Bjerre, Jonas Buhl"]
[Black "Iskakbaev, Ibraim"]
[Result "1/2-1/2"]
[WhiteElo "2422"]
[BlackElo "1522"]
[Annotator "TA"]
[PlyCount "150"]
[EventDate "2018.11.25"]
[EventType "team-tourn"]
[EventCountry "TUR"]
[SourceTitle "playchess.com"]
[Source "ChessBase"]
[SourceQuality "1"]
[WhiteTeam "Denmark"]
[BlackTeam "Kazakhstan"]
[WhiteTeamCountry "DEN"]
[BlackTeamCountry "KAZ"]

1. e4 c5 2. Nf3 d6 3. d4 cxd4 4. Nxd4 Nf6 5. Nc3 g6 6. Be3 Bg7 7. f3 Nc6 8. Qd2 O-O 9. Bc4 Bd7 10. O-O-O Rc8 11. Bb3 Nxd4 12. Bxd4 b5 13. Nd5 Nxd5 14. Bxg7 Kxg7 15. exd5 Qb6 16. Rhe1 Rfe8 17. a3 a5 18. g4 Rc7 19. Kb1 Bc8 20. Rc1 Rb7 21. Re4 Rc7 22. h4 h6 23. h5 g5 24. f4 f6 25. fxg5 hxg5 26. h6+ Kh8 27. Qh2 Rg8 28. Qh5 Rb7 29. c3 Bd7 30. Bc2 Be8 31. Qh2 Bg6 32. Rd4 Qd8 33. Re1 Qe8 34. Be4 Bxe4+ 35. Rdxe4 Qf7 36. Qe2 Re8 37. Re6 b4 38. cxb4 axb4 39. a4 Ra8 40. b3 Raa7 41. Rc1 Kh7 42. Rc8 Rc7 43. Qd3+ f5 44. Rxc7 Rxc7 45. Qxf5+ Qxf5+ 46. gxf5 g4 47. Rg6 Rc3 48. Kb2 g3 49. a5 Rc5 50. a6 Ra5 51. Rxg3 Kxh6 52. Rg4 Rxa6 53. Rxb4 Ra5 54. Rd4 Kg5 55. b4 Rb5 56. Kb3 Kxf5 57. Ka4 Rb7 58. b5 e6 59. Rd1 exd5 60. Rxd5+ Ke6 61. Rh5 d5 62. Ka5 Ra7+ 63. Kb6 Ra1 64. Kc6 Rc1+ 65. Kb7 d4 66. Rh8 Kd7 67. Rh4 Rd1 68. b6 d3 69. Rd4+ Ke6 70. Kc8 d2 71. b7 Rc1+ 72. Kb8 d1=Q 73. Rxd1 Rxd1 74. Ka7 Ra1+ 75. Kb6 Rb1+ 1/2-1/2

[Event "World Youth U-16 Olympiad 2018"]
[Site "Konya"]
[Date "2018.11.30"]
[Round "7"]
[White "Gadimbayli, Abdulla"]
[Black "Vlachos, Anatole"]
[Result "1-0"]
[WhiteElo "2419"]
[BlackElo "2434"]
[Annotator "TA"]
[PlyCount "63"]
[EventDate "2018.11.25"]
[EventType "team-tourn"]
[EventCountry "TUR"]
[SourceTitle "playchess.com"]
[Source "ChessBase"]
[SourceQuality "1"]
[WhiteTeam "Azerbaijan"]
[BlackTeam "Greece"]
[WhiteTeamCountry "AZE"]
[BlackTeamCountry "GRE"]

1. e4 c5 2. Nf3 Nc6 3. Bb5 Nf6 4. Bxc6 dxc6 5. d3 Qc7 6. h3 e5 7. b3 Be7 8. Bb2 Nd7 9. O-O f6 10. Nh4 g6 11. Qc1 Nf8 12. Qh6 Be6 13. f4 exf4 14. Rxf4 g5 15. Rxf6 Bxf6 16. Qxf6 Rg8 17. Nf5 Bxf5 18. exf5 Qf4 19. Na3 Qe3+ 20. Kh1 Nd7 21. Nc4 Nxf6 22. Nxe3 Nd5 23. Ng4 O-O-O 24. Nh6 Rge8 25. f6 Re6 26. Rf1 Ne3 27. Re1 Kd7 28. Nf7 Rf8 29. Nxg5 Ree8 30. Nxh7 Rf7 31. Ng5 Nxc2 32. Rc1 1-0